Statistics for Roma İmparatorluğunun Sınırları İçindeki Günümüz Devletleri

Click here to take the quiz!

General Stats

  • This quiz has been taken 1 856 times
  • The average score is 44 of 50

Answers on the Map

Answers color-coded by a green-red scale on the quiz's map according to % correct below.
 

Answer Stats

Country% Correct
Fransa
98%
İtalya
98%
Türkiye
98%
İspanya
97%
Suriye
97%
Yunanistan
97%
Irak
96%
Mısır
96%
Portekiz
96%
Azerbaycan
95%
Bulgaristan
95%
Ermenistan
95%
Gürcistan
95%
Rusya
95%
Almanya
94%
İran
94%
Birleşik Krallık
93%
İsrail
93%
Cezayir
92%
Fas
92%
Kıbrıs
92%
Romanya
92%
Hollanda
91%
Belçika
90%
Arnavutluk
89%
İsviçre
89%
Tunus
89%
Avusturya
88%
Libya
88%
Hırvatistan
87%
Lübnan
87%
Bosna-Hersek
86%
Macaristan
86%
Sırbistan
86%
Kuzey Makedonya
85%
Suudi Arabistan
85%
Luksemburg
84%
Kosova
83%
Ukrayna
83%
Karadağ
81%
Ürdün
81%
Slovenya
80%
Slovakya
79%
Vatikan
78%
Andorra
77%
Malta
77%
Kuveyt
74%
San Marino
74%
Monako
72%
Lihtenştayn
67%

Score Distribution

Percentile by Number Answered

Percent of People with Each Score

Your Score History

You have not taken this quiz